| 000 | 01050 a2200253 4500 | ||
|---|---|---|---|
| 005 | 20260316163348.0 | ||
| 008 | 260316b |||||||| |||| 00| 0 eng d | ||
| 020 | _a9788119014866 (hbk) | ||
| 037 | _cTB | ||
| 040 |
_aCRL _cCRL |
||
| 041 |
_2hin _ahin |
||
| 084 |
_aO152,3x R5 _qCRL |
||
| 100 |
_aनायक, देवकी भट्ट 'दीपा' _9860563 |
||
| 245 | _aदूसरा मंगलसूत्र | ||
| 250 | _aसंस्करण 4 | ||
| 260 |
_aनयी दिल्ली, भारत: _bवाणी प्रकाशन, _c2025. |
||
| 300 | _a120पृ. | ||
| 365 |
_b395.00 _cINR |
||
| 490 | _aलोकोदय ग्रंथमाला: ग्रंथांक 1537 | ||
| 650 | _aहिन्दी कहानी | ||
| 650 | _aहिन्दी साहित्य | ||
| 942 |
_cTB _2CC _eसंस्करण 4 _hO152,3x R5 |
||
| 999 |
_c1466658 _d1466658 |
||